000 00430nam a22001817a 4500
003 koha_MIRAKIL
005 20231213095514.0
008 231213b |||||||| |||| 00| 0 ||| d
020 _b978-9-75070868-8
040 _aTR-IsEVY
_btur
_cTR-IsEVY
082 _a810 GÖK/R
100 _aGÖKNİL, CAN.
245 0 _aRENKLİ ÖCÜLER.
260 _bCan,
_c2011
300 _a18.
650 _aTürk Edebiyatı.
942 _2ddc
_cBK
999 _c4751
_d4751